00816nam a22002297a 4500999001900000005001700019010001500036020002600051035001400077037000900091082001000100100001600110245012600126250002300252260003500275270005700310300003300367700002200400700002000422942002400442952012000466 c186104d18610420220215101924.0 aENG-131576 a9789383166305c495.00 aEN-115108 bDBAD a338.9 aRay, Amit S aWhat is Economic Development?:bA Comparative Performance of Indian States/cAmit S Ray, Manmohan Agarwal, M Parameswaran aSouth Asia Edition aNew DelhibEsha Beteillec2019 aSocial Science, Press 69 Jor BaghbNew Delhie110003 a157p.bReferencesc23cm(hbk) aAgarwal, Manmohan aParameswaran, M 2ddccENh338.9mRAY 001040708NFICaBNbBNd2022-02-15eDBAD/PUBg495.00l0o338.9 RAYpEN-115108r2022-02-15 00:00:00t1v495.00yEN